Sąsiedzi sąsiadów Kamerunu - Statystyki

Ogólne statystyki
  • Ten quiz został rozwiązany 24 razy
  • Średni wynik to 6 z 7
Statystyki odpowiedzi
Odpowiedź % Poprawnych
Demokratyczna Republika Konga
100%
Sudan
95%
Niger
91%
Sudan Południowy
86%
Benin
82%
Angola
77%
Libia
68%
Nie znaleziono quizów pasujących do podanych kryteriów
Rozkład punktacji
Procent ludzi z każdym wynikiem
Percentyl według liczby udzielonych odpowiedzi
Twoja historia wyników
Nie rozwiązałeś tego quizu